50 años de educación argentina y su proyección en bahía blanca. 1880-1930 /

Guardado en:
Autor Principal: García Maese de Magallán, María Angélica
Formato: Libro
Publicado: Bah¡a Blanca : Comisi¢n de reafirmaci¢n hist¢rica, 1979
Materias:
Etiquetas: Agregar Etiqueta
Sin Etiquetas, Sea el primero en etiquetar este registro!
LEADER 01711nam a22002535a 4500
001 CEM.cems006875
005 20060214000000.0
008 130507s1979##################000#0#####d
003 CEMS
082 0 4 |a 370.9821 
100 1 |a García Maese de Magallán, María Angélica 
245 1 0 |a 50 años de educación argentina y su proyección en bahía blanca. 1880-1930 / 
260 |a Bah¡a Blanca :  |b Comisi¢n de reafirmaci¢n hist¢rica,  |c 1979 
300 |a 276 p. 
505 0 |a Evoluci¢n de la pol¡tica educativa naciónal en el nivel primario: la organizaci¢n naciónal y la pol¡tica educativa de la instrucci¢n primaria (1862-1880); el conservadorismo y la educaci¢n primaria (1880-1906); hacia una democracia constituciónal (1906-1930); la educaci¢n primaria en la Provincia de Bs. As. y su proyecci¢n en el distrito de Bah¡a Blanca; la educaci¢n reflejada en los censos y estad¡sticas.- Evoluci¢n de la pol¡tica educativa naciónal en el nivel medio: la organizaci¢n naciónal y la pol¡tica educaciónal secundaria (1862-1880); el conservadorismo y la educaci¢n secundaria (1880-1898); desarrollo educaciónal argentino (1898-1916); la democracia constituciónal (1916-1930).- La educaci¢n secundaria en Bah¡a Blanca (1903-1930).- 
653 |a Bahia blanca-educacion 
653 |a Educacion 
653 |a Educacion argentina 
653 |a Historia de la educacion argen 
653 |a Ley 1420 
859 |a CEMS  |b BIB. CEMS - 11 de abril  |h 370.9821  |i G165  |p 10356.81  |t Ej.2 
859 |a CEMS  |b BIB. CEMS - 11 de abril  |h 370.9821  |i G165  |p 11044.82  |t Ej.4 
859 |a CEMS  |b BIB. CEMS - 11 de abril  |h 370.9821  |i G165  |p 11419.82  |t Ej.3 
859 |a CEMS  |b BIB. CEMS - 11 de abril  |h 370.9821  |i G165  |p 8027.80  |t Ej.1